Roadrunner - Migos Lyrics - Statistics

General Stats
  • This quiz has been taken 7 times
  • The average score is 477 of 990
Answer Stats
Answer % Correct
a
100%
I
100%
in
100%
the
100%
The
100%
G
83%
he
83%
my
83%
My
83%
to
83%
bad
67%
be
67%
bitch,
67%
bitch
67%
by
67%
don
67%
go
67%
her
67%
I'm
67%
me
67%
Me
67%
no
67%
No,
67%
No
67%
She
67%
she
67%
street
67%
Switch
67%
switch
67%
They
67%
they
67%
We
67%
we
67%
When
67%
when
67%
win
67%
Yo
67%
You
67%
you
67%
been
50%
body
50%
"Don't
50%
Don't
50%
don't
50%
fall
50%
gang
50%
give
50%
givin'
50%
ho
50%
Jeep
50%
Keep
50%
keep
50%
know
50%
Maison
50%
man
50%
name
50%
never
50%
niggas
50%
Niggas
50%
on
50%
out
50%
Road
50%
Speak"
50%
stepping
50%
that
50%
this
50%
Told
50%
told
50%
too
50%
top,
50%
Top
50%
truck,
50%
was
50%
water
50%
week
50%
wide
50%
with
50%
ain't
33%
Ain't
33%
all
33%
All
33%
am
33%
and
33%
And
33%
arm
33%
bank,
33%
bought
33%
Bought
33%
'bout
33%
bout
33%
Bricks
33%
Bring
33%
Burn
33%
but
33%
cars,
33%
'Cat,
33%
chain
33%
change
33%
cheap
33%
cut
33%
Dawn,
33%
doing
33%
dope,
33%
dope
33%
dripping,
33%
eat
33%
exposing
33%
flame
33%
for
33%
Fuck
33%
fuck
33%
got
33%
Got
33%
gravy
33%
Honda
33%
hundred
33%
if
33%
is
33%
it
33%
it's
33%
key
33%
Left
33%
like
33%
Lisa
33%
Mafia
33%
Margiela,
33%
meet
33%
Mercedes,
33%
Mona
33%
money
33%
money,
33%
myself
33%
Nah,
33%
nah,
33%
Naw
33%
Nawf
33%
not
33%
numb,
33%
numbers
33%
nun
33%
of
33%
off
33%
one
33%
Perky,
33%
Ran
33%
reach
33%
ready
33%
Remember
33%
repping
33%
Runner,
33%
Saving
33%
serve
33%
sheets
33%
sleep
33%
so
33%
some
33%
something
33%
stain
33%
stick,
33%
sucking
33%
Then
33%
then
33%
there
33%
thought
33%
throat
33%
thunder,
33%
til'
33%
track
33%
Trap
33%
trap
33%
tunnel
33%
up
33%
vision
33%
walk
33%
wall,
33%
wasn't
33%
Woke
33%
young
33%
Your
33%
your
33%
about
17%
Addy
17%
already
17%
ball
17%
beat
17%
beep
17%
Behind
17%
block,
17%
block
17%
boss
17%
brains
17%
bro's
17%
Bulletproof
17%
business
17%
call
17%
'Cause
17%
chains
17%
changed
17%
comin'
17%
coupe
17%
coupe,
17%
couple
17%
crazy
17%
cross
17%
Cuban
17%
cup,
17%
cutter
17%
damn
17%
Dem'
17%
Demon
17%
double
17%
dribble
17%
embedded
17%
face
17%
finished
17%
floor
17%
free
17%
Gladiator
17%
going
17%
gon'
17%
gotta'
17%
Gotti,
17%
had
17%
Hands
17%
him
17%
his
17%
home
17%
hop
17%
J's,
17%
jungle
17%
lil'
17%
Lil'
17%
link
17%
location
17%
locked
17%
Low
17%
many
17%
Mars
17%
millions
17%
mixing
17%
movin'
17%
new
17%
ones
17%
Patek
17%
penny
17%
petite
17%
Phillipe
17%
racks
17%
ride,
17%
ride
17%
right,
17%
robotic
17%
Rrring,
17%
Runnin'
17%
sea
17%
shit
17%
sink
17%
sit
17%
sittin'
17%
smell
17%
start
17%
Styro
17%
Supercharge
17%
Supercharged
17%
sweet
17%
talent
17%
that's
17%
ties
17%
Took
17%
treat
17%
Urus
17%
want
17%
waterfall
17%
will
17%
Wokhardt,
17%
work
17%
Za'
17%
Za
17%
abandoned
0%
act
0%
against
0%
Back
0%
back,
0%
bails,
0%
beginning
0%
better
0%
Big
0%
Bigger
0%
Birkin,
0%
bitty
0%
boarded
0%
brother,
0%
buckin'
0%
buying
0%
came
0%
can
0%
candy
0%
chose
0%
Chrome
0%
clone,
0%
come
0%
Confederate
0%
deep
0%
degree
0%
dollar
0%
drive
0%
dub
0%
duffle
0%
Elliot
0%
every
0%
extensions
0%
fire
0%
fleet
0%
flood
0%
From
0%
from
0%
frowning
0%
get
0%
heard
0%
Heart
0%
hit
0%
hot,
0%
hurting
0%
Hustle
0%
ice
0%
ink
0%
inside
0%
jeans
0%
just
0%
kiddin'
0%
Ks,
0%
law
0%
leak
0%
Leave
0%
let's
0%
Mamba
0%
mentality,
0%
mentality
0%
momma
0%
nothin'
0%
only
0%
opp,
0%
Ordered
0%
outta
0%
pay
0%
payment
0%
Porta
0%
potty
0%
Protectin'
0%
says
0%
Scrape
0%
shit's
0%
side,
0%
slide,
0%
spot,
0%
stinks
0%
stones,
0%
streets
0%
summer
0%
taking
0%
talkin'
0%
tasting
0%
tell
0%
think
0%
Thinking
0%
those
0%
Thotty
0%
throw
0%
touching
0%
trucks
0%
under
0%
way
0%
we'll
0%
won't
0%
No matching quizzes found
Score Distribution
Percent of People with Each Score
Percentile by Number Answered
Your Score History
You have not taken this quiz